000 00908nas a2200313 4500
001 BR2011001928
003 BR-BrBNA
005 20231205114922.0
007 ta
008 230509b bl.|||p| |||| 00| 00por d
040 _aBR-BrBNA
_bpor
_cBiblioteca Nacional de Agricultura
041 _a(Pt)
072 _aL50
100 1 _aSilva, W.B. da
100 1 _aSoares, R.M.
100 1 _aMachado, C.
100 1 _aFreire, I.M.A.
100 1 _aSilva, L.C.C.P. da
100 1 _aMoreira, S.B.
100 1 _aGoldberg, D.W.
100 1 _aAmosny, N.R.P.
245 1 _aBioquímica plasmática de cascavéis (Caudisona dirissa Linnaeus, 1758)em cativeiro
650 _aCOBRA
650 _aBIOQUÍMICA
650 _aRÉPTIL
773 0 _tCiência Rural (Brazil)
_xISSN 0103-8478
_g(Dec 2010), v. 40(12) p. 2510-2514
_wBR2011001928
909 _a202311
_bLúcia
_c55
_dLúcia Elande
942 _2AGRIS
_n0
_cANA
999 _c211213
_d211213